Responses for Show #8473 - Wednesday, September 22, 2021

Matt Amodio game 26.

Contestants

[<< previous game]

Christopher Stucky, a communications specialist from Bloomington, Illinois

Paula Scheider, a ROI trainer from Tulsa, Oklahoma

Matt Amodio, a Ph.D. student from New Haven, Connecticut (whose 25-day cash winnings total $893,201)

[next game >>]

Jeopardy! Round responses

WHAT A WEEK!
ACRONYMS & ABBREVIATIONS
NATIONAL PARK COUNTRIES
AIR TRAVEL
MOVIE TIME
NEW YORK: NEWS CLUES
(Mayim: And these are presented by the news team at New York's ABC7.)
    $200 29
October

Matt
    $200 28
[ERRATUM: The correct word for the "R" is répondez.]

s'il vous plaît

Christopher
    $200 27
Ireland

Christopher
    $200 30
American Airlines

Christopher
    $200 26
Wilson

Matt
    $200 11
Hudson

Matt
    $400 22
(Mayim: Right.)
[Laughter]

Orville Wright

Matt
    $400 23
personal record

Matt
    $400 15
Israel

Matt
    $400 24
bumped

Paula
    $400 25
the credits

Christopher
    $400 21
(Mayim: And many thanks to the ABC7 News team in New York for those clues.)

(Lou) Gehrig

Matt
    $600 14
Administrative

Matt
    $600 17
Consumer

Matt
    $600 12
United Kingdom

Matt
    $600 13
Milwaukee

Matt
    $600 10
Snow White

Paula
    $600 20
Shakespeare in the Park

Paula
    $800 9
the American Library Association

Christopher
    $8,000 16
(Matt: What's... ears, lips, face?)

eyes, lips, face

Matt
    $800 6
Guatemala

Matt
    $800 7
New Orleans

Christopher
    $800 8
[NOTE: Matt did not include the leading article in his response.]

The Shawshank Redemption

Matt
    $800 19
soccer

Christopher
    $1000 2
carpenter

Matt
    $1000 4
Before Common Era

Christopher
    $1000 1
(Paula: What is Kenya?)

Tanzania

MattPaula
    $1000 3
jetBlue

Matt
    $1000 5
(Christopher: Who is Sergio Leone?)

(Ennio) Morricone

MattChristopher
    $1000 18
St. Patrick's

Matt

Scores at the first commercial break (after clue 15):

Matt Paula Christopher
$8,000 -$400 $1,600

Scores at the end of the Jeopardy! Round:

Matt Paula Christopher
$3,200 $600 $3,400

Double Jeopardy! Round responses

WORLD HISTORY
INSPIRED CHARACTERS
THE FACT OF THE MATTER
ART & DESIGN
COMEDY ON TV
__R__M
(Mayim: Each response has four letters; the second is "R" and the fourth is "M".)
    $400 28
calendar

Paula
    $400 25
Robinson Crusoe

Christopher
    $400 30
solid

Matt
    $400 29
a baby monitor

Paula
    $400 26
South Park

Paula
    $400 27
cram

Matt
    $800 9
opium

Christopher
    $800 21
(Matt: What's Portrait of the Artist as a Young Man?)

Ulysses

MattChristopher
    $800 24
elementary particles

Triple Stumper
    $800 23
Tiffany

Matt
    $800 18
Samantha Bee

Christopher
    $800 22
prim

Paula
    $1200 5
La Belle Époque

Christopher
    $1200 15
(Paula: What is Atlas Shrugged?)

On the Road

PaulaChristopher
    $1200 12
special

Matt
    $1200 7
(Paul) Simon

Matt
    $1200 10
The Golden Girls

Christopher
    $1200 19
pram

Matt
    $1600 3
(the) Weimar (Republic)

Matt
    $4,800 2
(Mayim: Yes, from Heart of Darkness.)

Kurtz

Matt
    $10,000 13
inertia

Matt
    $1600 6
(Edward) Gorey

Matt
    $1600 1
Taxi

Matt
    $1600 17
a dram

Paula
    $2000 4
Kenya

Matt
    $2000 14
(Becky) Thatcher

Matt
    $2000 20
Higgs boson

Matt
    $2000 8
black lacquer

Triple Stumper
    $2000 11
Donald Glover

Christopher
    $2000 16
Orem

Christopher

Scores at the end of the Double Jeopardy! Round:

Matt Paula Christopher
$33,200 $3,000 $13,800
(lock game)

[wagering suggestions for these scores]

Final Jeopardy! Round responses

LANDMARKS
(Mayim: [To Matt] Between East and West Berlin, and it's about 27 miles, and an Olympic marathon is 26.22 miles.)
PaulaWhat is The Appian Way?
$2,999
ChristopherWhat is the Appian Way
$5,000
MattWhat is the Berlin Wall?
$3,000
the Berlin Wall

Final scores:

Matt Paula Christopher
$36,200 $1 $8,800
26-day champion: $929,401 3rd place: $1,000 2nd place: $2,000

Game dynamics:

Coryat scores:

Matt Paula Christopher
$29,600 $3,000 $13,800
32 R
(including 2 DDs),
2 W
(including 1 DD)
8 R,
2 W
17 R,
1 W

Combined Coryat: $46,400

[game clues] [game scores] [suggest correction]

Game tape date: 2021-08-24
The J! Archive is created by fans, for fans. Scraping, republication, monetization, and malicious use prohibited; this site may use cookies and collect identifying information. See terms. The Jeopardy! game show and all elements thereof, including but not limited to copyright and trademark thereto, are the property of Jeopardy Productions, Inc. and are protected under law. This website is not affiliated with, sponsored by, or operated by Jeopardy Productions, Inc. Join the discussion at JBoard.tv.